000 00782nam a22002177a 4500
003 OSt
005 20251128090357.0
008 251128b |||||||| |||| 00| 0 eng d
020 _a971-513-181-6
040 _aDWC-Main lib
_cOC
082 _21st edition
_aFil. 610.73 As839i 2005
100 _aAsperas, C.
245 _aIntroduction to basic nursing research :
_b trends, methods, & applications (a text-workbook)
_cAsperas, Carlito M.
260 _aManila, Philippines :
_b Educational Publishing House
300 _axvii, 258 pages ;
_c 27 cm.
504 _aIncludes bibliographical references
650 _2Nursing
650 _2Methodology
650 _2Research
942 _2ddc
_cBK - FIL
_e1st edition
_hFil. 610.73 As839i 2005
_kFil.
_n0
999 _c6539
_d6539